000 00875nam a2200229Ii 4500
003 JO-AjNU
008 230605s9999||||xx |||||||||||||| ||und||
017 _a2007/10/3280
020 _a978-9957-07-557-6
040 _aJO-AjNU
_bara
_erda
_cJO-AjNU
041 _aara
050 1 4 _aLC3981.H3412 2008
100 3 _aهالاهان،دانيال.ب مؤلف/كوفمان،جيمس.م م.مشارك/محمد،عادل عبدالله مترجم,
_eauthor
_925936
245 0 0 _aسيكولوجية الأطفال غير العاديين وتعليمهم = Exeptional Learners
250 _aط1
264 3 1 _aعمان:دار الفكر،2008
300 _a878ص
336 _atext
_btxt
_2rdacontent
337 _aunmediated
_bn
_2rdamedia
338 _avolume
_bnc
_2rdacarrier
650 4 _aالتعليم الخاص-الولايات المتحدة الأمريكية
_925937
999 _aA9765
_c13333
_d13333